<?xml version="1.0" encoding="UTF-8"?>
<record
    xmlns:xsi="http://www.w3.org/2001/XMLSchema-instance"
    xsi:schemaLocation="http://www.loc.gov/MARC21/slim http://www.loc.gov/standards/marcxml/schema/MARC21slim.xsd"
    xmlns="http://www.loc.gov/MARC21/slim">

  <leader>00767nam a22001937a 4500</leader>
  <datafield tag="999" ind1=" " ind2=" ">
    <subfield code="c">7432</subfield>
    <subfield code="d">7432</subfield>
  </datafield>
  <controlfield tag="005">20211124120506.0</controlfield>
  <controlfield tag="008">211124b           ||||| |||| 00| 0 eng d</controlfield>
  <datafield tag="020" ind1=" " ind2=" ">
    <subfield code="a">9788494637636</subfield>
  </datafield>
  <datafield tag="040" ind1=" " ind2=" ">
    <subfield code="a">CDMR</subfield>
  </datafield>
  <datafield tag="245" ind1=" " ind2=" ">
    <subfield code="a">Yo quiero un tebeo : </subfield>
    <subfield code="b">homenaje a una publicaci&#xF3;n centenaria, 1917-2017 </subfield>
    <subfield code="c">/ Antonio Altarriba [i 13 m&#xE9;s] ; coordinador: Manuel Barrero</subfield>
  </datafield>
  <datafield tag="260" ind1=" " ind2=" ">
    <subfield code="a">Barcelona: </subfield>
    <subfield code="b">Asociaci&#xF3;n Cultural Tebeoesfera : Diminuta Editorial, </subfield>
    <subfield code="c">2017</subfield>
  </datafield>
  <datafield tag="300" ind1=" " ind2=" ">
    <subfield code="a">286 p&#xE0;gines : </subfield>
    <subfield code="b">il&#xB7;lustracions; </subfield>
    <subfield code="c">24 cm</subfield>
  </datafield>
  <datafield tag="490" ind1=" " ind2=" ">
    <subfield code="a">Perif&#xE8;rics; </subfield>
    <subfield code="v">3</subfield>
  </datafield>
  <datafield tag="610" ind1="2" ind2="0">
    <subfield code="9">4267</subfield>
    <subfield code="a">TBO (Revista)</subfield>
    <subfield code="x">Hist&#xF2;ria</subfield>
  </datafield>
  <datafield tag="650" ind1=" " ind2="0">
    <subfield code="9">3313</subfield>
    <subfield code="a">C&#xF2;mics</subfield>
    <subfield code="z">Espanya</subfield>
    <subfield code="x">Hist&#xF2;ria i cr&#xED;tica</subfield>
  </datafield>
  <datafield tag="650" ind1=" " ind2="0">
    <subfield code="9">3162</subfield>
    <subfield code="a">Humorisme gr&#xE0;fic</subfield>
    <subfield code="z">Espanya</subfield>
    <subfield code="x">Hist&#xF2;ria</subfield>
  </datafield>
  <datafield tag="710" ind1=" " ind2=" ">
    <subfield code="9">4731</subfield>
    <subfield code="a">Asociacion Cultural Tebeosfera</subfield>
  </datafield>
  <datafield tag="942" ind1=" " ind2=" ">
    <subfield code="2">udc</subfield>
    <subfield code="c">MON</subfield>
  </datafield>
  <datafield tag="952" ind1=" " ind2=" ">
    <subfield code="0">0</subfield>
    <subfield code="1">0</subfield>
    <subfield code="2">udc</subfield>
    <subfield code="4">0</subfield>
    <subfield code="7">0</subfield>
    <subfield code="a">CDMR</subfield>
    <subfield code="b">CDMR</subfield>
    <subfield code="d">2021-11-24</subfield>
    <subfield code="e">Donaci&#xF3;</subfield>
    <subfield code="g">20.00</subfield>
    <subfield code="l">0</subfield>
    <subfield code="o">Di /46</subfield>
    <subfield code="p">CDMR21110048</subfield>
    <subfield code="r">2021-11-24</subfield>
    <subfield code="w">2021-11-24</subfield>
    <subfield code="y">MON</subfield>
  </datafield>
</record>
